• 首页
  • 本馆介绍
  • 公告通知
  • 最新文献
  • 馆藏检索
  • 电子资源
  • 读者导购
  • 参考咨询
  • 我的图书馆
  • 登录
  • 详细信息显示
  • 放入我的书架
  • 预约/预借图书
  • 作者相关作品
  • 分类相关作品
  • 丛书相关作品
  • 出版社相关作品

书目信息

  • 表格格式
  • 工作单格式
  • 卡片格式
题名:
全运会运动项目文化研究
    
 
作者: 严波涛 主编
分册:  
出版信息: 西安   陕西人民出版社  2021
页数: 364页
开本: 29cm
丛书名:
单 册:
中图分类: G812.20
科图分类:
主题词: 全国运动会--体育项目--研究--中国
电子资源:
ISBN: 978-7-224-14342-3
000 00923nam0 2200229 450
001 012001002347
005 20140202140244.0
010    @a978-7-224-14342-3@dCNY70.00
100    @a20220905d2021 em y0chiy50 ea
101 0  @achi
102    @aCN@b610000
105    @ay z 000yy
106    @ar
200 1  @a全运会运动项目文化研究@Aquan yun hui yun dong xiang mu wen hua yan jiu
210    @a西安@c陕西人民出版社@d2021
215    @a364页@d29cm
330    @a本书以全运会设置的比赛大项为分类框架,共计编写了37大项篇。每个篇目的主要内容包括项目起源、发展变迁、比赛规则、文化内涵、社会功能、比赛礼仪等六个方面。针对一些重点大项还编写了分项篇。为了便于读者对新中国成立以来历届全运会情况有整体了解,还编写了《中华人民共和国历届全运会概况》篇。
606 0  @a全国运动会@x体育项目@x研究@y中国
690    @aG812.20@v5
701  0 @a严波涛@Ayan bo tao@4主编
801  0 @aCN@bAHXH@c20221111
905    @b1367967-9@dG812.20@e163@f3
    
    全运会运动项目文化研究.-西安:陕西人民出版社,2021
    364页;29cm
    
    
    ISBN 978-7-224-14342-3:CNY70.00
    本书以全运会设置的比赛大项为分类框架,共计编写了37大项篇。每个篇目的主要内容包括项目起源、发展变迁、比赛规则、文化内涵、社会功能、比赛礼仪等六个方面。针对一些重点大项还编写了分项篇。为了便于读者对新中国成立以来历届全运会情况有整体了解,还编写了《中华人民共和国历届全运会概况》篇。
●
相关链接 在E读中查询图书 在五车中查询图书 在当当中查询图书 在豆瓣中查询图书


正题名:全运会运动项目文化研究     索取号:G812.20/163         预约/预借

序号 登录号 条形码 馆藏地/架位号 状态 备注
1 1367967   213679679   第一样本阅览室/ [索取号:G812.20/163] 在馆    
2 1367968   213679688   第四借阅区/ [索取号:G812.20/163] 在馆    
3 1367969   213679697   第四借阅区/ [索取号:G812.20/163] 在馆    
唐山师范学院图书馆 欢迎您!
大连网信软件有限公司© 版权所有